000 00464nam a22001577a 4500
005 20240821124101.0
008 240821b |||||||| |||| 00| 0 eng d
041 _aEnglish
082 _a349 REP
100 _lEnglish
245 _aRepublic of Namibia: Criminal Law Precedents
260 _aWindhoek:
_bCriminal Law Precedents,
_c2005
300 _bxvi, 126 pages;
_c25 cm.
650 _aLegal practice
_bLaw
942 _cBK
_6ALISON_BN_VRIES
999 _c2754
_d2754